000 00141nam a22000857a 4500
082 _a823
100 _aANANT PAI
245 _aTINKLE
942 _cBK
999 _c8317
_d8317